000 00613nam a22001937a 4500
005 20180608165712.0
010 _aENG-123178
020 _a8178243520
_c695.00
035 _aEN-106710
037 _bDBAD/PUB
082 _a954.09
100 _aSudipta Kaviraj
245 _aThe trajectories of the Indian state:
_cby Sudipta Kaviraj
_bpolitics and ideas /
260 _aNew Delhi
_bPermanent Black
_c2016
270 _aHimalayana, Mall Road, Ranikhet Cantt, Ranikhet 263645
_bNew Delhi
_e110092
300 _a281p.
_c21cm(pbk)
500 _ait include index
942 _2ddc
_cEN
_mSUD
_h954.09
999 _c152601
_d152601